| 000 | 00701nam a2200193 a 4500 | ||
|---|---|---|---|
| 008 | 120416s2004 ||||||||||||||||| || u | ||
| 050 | _aIBRD(08) | ||
| 100 | _ade Walque, Damien | ||
| 245 | 1 | 4 |
_aThe long-term legacy of the Khmer Rouge period in Cambodia _cby Damien de Walque |
| 260 |
_aWashington, DC: _bWorld Bank _c2004 |
||
| 300 | _a[ii], 43p.: ill. | ||
| 350 | _a0.00 | ||
| 490 | _aPolicy Research Working Paper | ||
| 650 | _aMORTALITY--CAMBODIA | ||
| 650 | _aPOLITICAL ANARCHY--CAMBODIA | ||
| 650 | _aPOLITICS | ||
| 710 | _aWorld Bank | ||
| 995 |
_D0.00 _FCBU-MAIN LIBRARY (Kitwe) _H1 _I0.00 _M1 _UAVAILABLE _ZInternational Publications |
||
| 999 |
_c49507 _d49507 |
||